1718 1561 1189 1889 1568 1803 1720 1758 1350 1542 1819 1992 1214 1682 1193 1633 1079 1077 1423 1493 1725 1979 1660 1170 1915 1719 1186 1645 1005 1885 1448 1110 1710 1797 1154 1124 1585 1324 1839 1255 1207 1486 1684 1794 1458 1889 1195 1434 1187 1038 1520 1220 1266 1350 1040 1858 1580 1641 1475 1955 1113 1840 1843 1214 1505 1372 1417 1130 1137 1788 1087 1425 1990 1932 1502 1398 1729 1924 1512 1602 1392 1041 1566 1491 1653 1881 1924 1407 1372 1377 1224 1489 1012 1525 1551 1541 1099 1751 1756 BCNSPRNW ULIB Ver.6.0+V

เปลี่ยนเป็นภาษาไทย

Change to English
 แสดงรายละเอียดบรรณานุกรม
  กลับหน้าหลัก

Brief Record : Get Marc (ISO 2709) : E-mail record : QR code < ปิดหน้าต่าง
LEADER : 00000nam 2200000uu 4500
001    13399125048
003     ULIB
008    160607s2558||||th 000 0 tha d
020    ^a9789749781968
060  4 ^aWK810^bอ335ก
100 0  ^aอรพินท์ สีขาว
245 10 ^aการจัดการโรคเบาหวาน :^bมิติของโรคและบทบาทพยาบาล /^cอรพินท์ สีขาว
250    ^aพิมพ์ครั้งที่ 2.
260    ^aสมุทรปราการ :^bโครงการสำนักพิมพ์มหาวิทยาลัยหัวเฉียวเฉลิมพระเกียรติ,^c2558
300    ^aก-ญ, 247 หน้า :^bภาพประกอบ
650  7 ^aเบาหวาน^xการป้องกันและควบคุม
650  7 ^aเบาหวาน^xการดูแล
710 2  ^aมหาวิทยาลัยหัวเฉียวเฉลิมพระเกียรติ.
945    ^p216^l0^i001153
945    ^p216^l0^i001154
945    ^p216^l0^i001155
945    ^p216^l0^i001156
945    ^p216^l0^i001157
945    ^p216^l0^i001158
945    ^p216^l0^i001159
999    ^aเกษร โพธิ์สุวรรณ
รายการนี้ยังไม่มีแท็ก
คุณยังไม่ได้ล็อกอิน คุณสามารถมีกิจกรรมร่วมกับเว็บไซต์ได้ แต่ต้องล็อกอินก่อน ::
  ล็อกอิน

รายการสื่อสารสนเทศ

ลำดับที่ ประเภท เลขเรียก/บาร์โค้ด สถานที่ สถานะ
1. วิทยาศาสตร์การแพทย์ และสุขภาพ
วิทยาศาสตร์การแพทย์ และสุขภาพ
สถานะ=หนังสือเก่า
WK810 อ335ก ฉ.1 
  Barcode: 001153
ห้องสมุดวิทยาเขตสวรรค์ประชารักษ์
►ส่วนจัดเก็บหนังสือเก่า สปร
บนชั้น
  ขอยืม
2. วิทยาศาสตร์การแพทย์ และสุขภาพ
วิทยาศาสตร์การแพทย์ และสุขภาพ
สถานะ=หนังสือเก่า
WK810 อ335ก ฉ.2 
  Barcode: 001154
ห้องสมุดวิทยาเขตสวรรค์ประชารักษ์
►ส่วนจัดเก็บหนังสือเก่า สปร
บนชั้น
  ขอยืม
3. วิทยาศาสตร์การแพทย์ และสุขภาพ
วิทยาศาสตร์การแพทย์ และสุขภาพ
WK810 อ335ก ฉ.3 
  Barcode: 001155
ห้องสมุดวิทยาเขตสวรรค์ประชารักษ์
►หนังสือทั่วไป
บนชั้น
4. วิทยาศาสตร์การแพทย์ และสุขภาพ
วิทยาศาสตร์การแพทย์ และสุขภาพ
สถานะ=หนังสือเก่า
WK810 อ335ก ฉ.4 
  Barcode: 001156
ห้องสมุดวิทยาเขตสวรรค์ประชารักษ์
►ส่วนจัดเก็บหนังสือเก่า สปร
บนชั้น
  ขอยืม
5. วิทยาศาสตร์การแพทย์ และสุขภาพ
วิทยาศาสตร์การแพทย์ และสุขภาพ
สถานะ=หนังสือเก่า
WK810 อ335ก ฉ.5 
  Barcode: 001157
ห้องสมุดวิทยาเขตสวรรค์ประชารักษ์
►ส่วนจัดเก็บหนังสือเก่า สปร
บนชั้น
  ขอยืม
6. วิทยาศาสตร์การแพทย์ และสุขภาพ
วิทยาศาสตร์การแพทย์ และสุขภาพ
สถานะ=หนังสือเก่า
WK810 อ335ก ฉ.6 
  Barcode: 001158
ห้องสมุดวิทยาเขตสวรรค์ประชารักษ์
►ส่วนจัดเก็บหนังสือเก่า สปร
บนชั้น
  ขอยืม
7. วิทยาศาสตร์การแพทย์ และสุขภาพ
วิทยาศาสตร์การแพทย์ และสุขภาพ
สถานะ=หนังสือเก่า
WK810 อ335ก ฉ.7 
  Barcode: 001159
ห้องสมุดวิทยาเขตสวรรค์ประชารักษ์
►ส่วนจัดเก็บหนังสือเก่า สปร
บนชั้น
  ขอยืม

รายการใกล้เคียง
    ผู้แต่ง [อรพินท์ สีขาว]

    หัวเรื่อง [เบาหวาน การป้องกันและควบคุม]

BibComment


ยังไม่เคยถูกคอมเมนท์

คอมเมนท์ทรัพยากรรายการนี้
  คอมเมนท์: การจัดการโรคเบาห..


 Copyright 2026. Bcnsprnw @Library